Atlas mundial del Medio Ambiente. Preservación de la naturaleza
| Main Author: | |
|---|---|
| Format: | Section = Libro |
| Language: | Undetermined Spanish |
| Published: |
[s.l]
Cultural
2003
|
| Subjects: |
| LEADER | 00618nam a2200217Ia 4500 | ||
|---|---|---|---|
| 008 | 240829s9999 xx 000 0 und d | ||
| 020 | |a 84-8055-128-3 | ||
| 040 | |a BIBLIOTECA-RUSB/ Ref 574.5 A881 | ||
| 041 | |a spa | ||
| 082 | |a Ref 574.5 A881 | ||
| 100 | 1 | |a Cuerda Quintana, Joseph | |
| 245 | 1 | 0 | |a Atlas mundial del Medio Ambiente. Preservación de la naturaleza |
| 260 | |a [s.l] |b Cultural |c 2003 | ||
| 300 | |a 112 p. :il. | ||
| 650 | 7 | |a MEDIO AMBIENTE - RECURSOS CULTURALES | |
| 650 | 7 | |b FUENTES DE ENERGIA | |
| 650 | 7 | |c ECOSISTEMA URBANO | |
| 650 | 7 | |d BIODIVERSIDAD | |
| 942 | |c BK |2 ddc | ||
| 991 | |a TEXTO | ||
| 999 | |c 6061 | ||